[Event "Hradec Kralove op 13th"]
[Site "Hradec Kralove"]
[Date "2023.11.09"]
[Round "7"]
[White "Heinsohn, Michael"]
[Black "Gromczak, Dariusz"]
[Result "1/2-1/2"]
[WhiteElo "1922"]
[BlackElo "1856"]
[PlyCount "40"]
[EventDate "2023.11.04"]
[EventType "swiss"]
[EventRounds "9"]
[EventCountry "CZE"]
[SourceTitle "CB46_2023"]
[SourceDate "2023.11.15"]
[SourceVersion "1"]
[SourceVersionDate "2023.11.15"]
[SourceQuality "1"]

1. d4 g6 2. c4 Bg7 3. Nc3 e6 4. Nf3 Ne7 5. g3 d5 6. Bg2 Nd7 7. b3 c5 8. cxd5 Nxd5 9. Nxd5 exd5 10. 0-0 0-0 11. Bg5 Qa5 12. Rc1 cxd4 13. Nxd4 Nf6 14. Qd3 Bd7 15. a4 Rac8 16. Bd2 Qb6 17. a5 Qd6 18. Bf4 Qb4 19. Bd2 Qd6 20. Bf4 Qb4 1/2-1/2

[Event "Hradec Kralove op 13th"]
[Site "Hradec Kralove"]
[Date "2023.11.08"]
[Round "6"]
[White "Jiruse, Josef"]
[Black "Heinsohn, Michael"]
[Result "1/2-1/2"]
[WhiteElo "1941"]
[BlackElo "1922"]
[PlyCount "37"]
[EventDate "2023.11.04"]
[EventType "swiss"]
[EventRounds "9"]
[EventCountry "CZE"]
[SourceTitle "CB46_2023"]
[SourceDate "2023.11.15"]
[SourceVersion "1"]
[SourceVersionDate "2023.11.15"]
[SourceQuality "1"]

1. f4 d5 2. Nf3 Nf6 3. b3 g6 4. Bb2 Bg7 5. e3 0-0 6. Be2 c5 7. 0-0 Nc6 8. Ne5 Qc7 9. Na3 a6 10. c4 e6 11. Nxc6 Qxc6 12. Bf3 b5 13. Rc1 Bb7 14. Rc2 Qb6 15. Qa1 Ne8 16. Rfc1 dxc4 17. Bxb7 Qxb7 18. bxc4 b4 19. Nb1 1/2-1/2

[Event "Hradec Kralove op 13th"]
[Site "Hradec Kralove"]
[Date "2023.11.06"]
[Round "3"]
[White "Heinsohn, Michael"]
[Black "Jirasek, Pavel"]
[Result "0-1"]
[WhiteElo "1922"]
[BlackElo "2322"]
[PlyCount "72"]
[EventDate "2023.11.04"]
[EventType "swiss"]
[EventRounds "9"]
[EventCountry "CZE"]
[SourceTitle "CB46_2023"]
[SourceDate "2023.11.15"]
[SourceVersion "1"]
[SourceVersionDate "2023.11.15"]
[SourceQuality "1"]

1. d4 Nf6 2. c4 e6 3. Nf3 b6 4. a3 Ba6 5. Qc2 Bb7 6. Nc3 c5 7. dxc5 bxc5 8. Bf4 d6 9. 0-0-0 Qb6 10. Nb5 Ne4 11. e3 Nd7 12. Bd3 Ndf6 13. Rhg1 Be7 14. Ng5 Nxg5 15. Bxg5 h6 16. Bh4 a6 17. Nc3 g5 18. Bg3 Rb8 19. Rd2 Nh5 20. Na4 Qc7 21. Be2 Nxg3 22. hxg3 0-0 23. f4 Rfd8 24. Bf3 Bf6 25. Bxb7 Rxb7 26. f5 exf5 27. Qxf5 Be5 28. Rh1 Kg7 29. Qh3 Rh8 30. Qf5 Qa5 31. Qc2 Rhb8 32. Qd1 Rb3 33. Qh5 Rh8 34. Rf1 f6 35. Qf3 Qxa4 36. Rxd6 Qxc4+ 0-1

[Event "Wroclaw op-A"]
[Site "Wroclaw"]
[Date "2022.08.05"]
[Round "7"]
[White "Dobrowolski, Aleksander"]
[Black "Heinsohn, Michael"]
[Result "1-0"]
[WhiteElo "2219"]
[BlackElo "1952"]
[PlyCount "61"]
[EventDate "2022.07.31"]
[EventType "swiss"]
[EventRounds "9"]
[EventCountry "POL"]
[SourceTitle "CBM 209 Extra"]
[Source "ChessBase"]
[SourceDate "2022.09.30"]
[SourceVersion "1"]
[SourceVersionDate "2022.09.30"]
[SourceQuality "1"]

1. e4 e6 2. d4 d5 3. Nc3 Nf6 4. e5 Nfd7 5. f4 c5 6. Nf3 Nc6 7. Be3 a6 8. Qd2 b5 9. dxc5 Bxc5 10. Ne2 Qb6 11. Bxc5 Nxc5 12. Ned4 Bb7 13. Bd3 Ne4 14. Qe3 Nxd4 15. Nxd4 Rc8 16. 0-0 0-0 17. a3 Nc5 18. f5 Nxd3 19. cxd3 exf5 20. Rxf5 Rc6 21. Qf2 Rg6 22. e6 f6 23. h3 Re8 24. Re1 Qd6 25. Rf3 Qb6 26. e7 Bc8 27. Qe3 Rg5 28. Nb3 Qd6 29. d4 Kf7 30. Qxg5 Kg8 31. Qe3 1-0

[Event "Wroclaw op-A"]
[Site "Wroclaw"]
[Date "2022.08.01"]
[Round "3"]
[White "Jankowski, Aleksander"]
[Black "Heinsohn, Michael"]
[Result "0-1"]
[WhiteElo "1715"]
[BlackElo "1952"]
[PlyCount "33"]
[EventDate "2022.07.31"]
[EventType "swiss"]
[EventRounds "9"]
[EventCountry "POL"]
[SourceTitle "CBM 209 Extra"]
[Source "ChessBase"]
[SourceDate "2022.09.30"]
[SourceVersion "1"]
[SourceVersionDate "2022.09.30"]
[SourceQuality "1"]

1. d4 Nf6 2. Nf3 g6 3. g3 Bg7 4. Bg2 d5 5. c4 c6 6. Nc3 Ne4 7. 0-0 0-0 8. Qb3 Nxc3 9. bxc3 dxc4 10. Qxc4 Nd7 11. Ba3 Nb6 12. Qc5 Re8 13. Nd2 e5 14. e3 a5 15. Qd6 Bd7 16. Bc5 Nc8 17. Qd5 0-1

[Event "Wroclaw op-A"]
[Site "Wroclaw"]
[Date "2022.07.31"]
[Round "2"]
[White "Heinsohn, Michael"]
[Black "Krawiec, Grzegorz"]
[Result "1-0"]
[WhiteElo "1952"]
[BlackElo "1760"]
[PlyCount "77"]
[EventDate "2022.07.31"]
[EventType "swiss"]
[EventRounds "9"]
[EventCountry "POL"]
[SourceTitle "CBM 209 Extra"]
[Source "ChessBase"]
[SourceDate "2022.09.30"]
[SourceVersion "1"]
[SourceVersionDate "2022.09.30"]
[SourceQuality "1"]

1. d4 Nf6 2. c4 e6 3. g3 Bb4+ 4. Bd2 a5 5. Bg2 0-0 6. Nf3 d5 7. 0-0 dxc4 8. Qc2 Nc6 9. Rd1 Bxd2 10. Rxd2 Nb4 11. Qxc4 Ne4 12. Rd1 b6 13. Qc1 Ra7 14. Nc3 Nxc3 15. bxc3 Nd5 16. c4 Nf6 17. Ne5 Bb7 18. Nc6 Bxc6 19. Bxc6 Qd6 20. Bg2 c5 21. d5 exd5 22. cxd5 Re7 23. Qc4 Rfe8 24. e3 Rb8 25. Rab1 Nd7 26. Qb5 Ne5 27. e4 f6 28. Rd2 g5 29. Rdb2 g4 30. Qe2 h5 31. Rb5 f5 32. f4 gxf3 33. Bxf3 Nxf3+ 34. Qxf3 fxe4 35. Qxh5 Re5 36. Qg4+ Kh8 37. Rf1 e3 38. Rf7 Qh6 39. Rxb6 1-0

[Event "Helsingor Xtracon op"]
[Site "Helsingor"]
[Date "2019.07.28"]
[Round "10"]
[White "Heinsohn, Michael"]
[Black "Norevall, Ulf"]
[Result "1/2-1/2"]
[WhiteElo "1959"]
[BlackElo "1739"]
[PlyCount "38"]
[EventDate "2019.07.20"]
[EventType "swiss"]
[EventRounds "10"]
[EventCountry "DEN"]
[SourceTitle "CBM 191 Extra"]
[Source "ChessBase"]
[SourceDate "2019.09.30"]
[SourceVersion "1"]
[SourceVersionDate "2019.09.30"]
[SourceQuality "1"]

1. d4 Nf6 2. c4 e6 3. g3 d5 4. Nf3 c6 5. Nbd2 Be7 6. Bg2 0-0 7. 0-0 Nbd7 8. Qc2 Re8 9. e4 dxe4 10. Nxe4 Nxe4 11. Qxe4 Nf6 12. Qe2 Bf8 13. Rd1 Qc7 14. Bf4 Bd6 15. Ne5 Nd7 16. Qg4 Nxe5 17. dxe5 Bxe5 18. Bxe5 Qxe5 19. Rd4 Qf6 1/2-1/2

[Event "Helsingor Xtracon op"]
[Site "Helsingor"]
[Date "2019.07.21"]
[Round "3"]
[White "Valkama, Eero"]
[Black "Heinsohn, Michael"]
[Result "1/2-1/2"]
[WhiteElo "2286"]
[BlackElo "1959"]
[PlyCount "81"]
[EventDate "2019.07.20"]
[EventType "swiss"]
[EventRounds "10"]
[EventCountry "DEN"]
[SourceTitle "CBM 191 Extra"]
[Source "ChessBase"]
[SourceDate "2019.09.30"]
[SourceVersion "1"]
[SourceVersionDate "2019.09.30"]
[SourceQuality "1"]

1. e4 e6 2. d4 d5 3. Nd2 c5 4. exd5 exd5 5. Ngf3 Nc6 6. Bb5 Bd6 7. dxc5 Bxc5 8. 0-0 Nge7 9. Nb3 Bd6 10. Re1 0-0 11. c3 Qc7 12. h3 Bd7 13. Be3 Rad8 14. Bc5 Bxc5 15. Nxc5 Bc8 16. Bxc6 Nxc6 17. Nb3 Qf4 18. Nbd4 Rd6 19. Qc1 Qf6 20. Qe3 a6 21. Rad1 Qg6 22. Kh2 h6 23. Ne5 Nxe5 24. Qxe5 Rfd8 25. Re3 Qf6 26. Qg3 Qg6 27. Qf3 Be6 28. Qe2 Rb6 29. f4 Bf5 30. Nf3 Qf6 31. g3 Be4 32. Ne5 h5 33. Nc4 dxc4 34. Rxd8+ Qxd8 35. Rxe4 Qd7 36. Rxc4 Rd6 37. Rd4 Rxd4 38. cxd4 Qxd4 39. f5 h4 40. gxh4 Qf4+ 41. Kg2 1/2-1/2

[Event "Hastings Masters op 94th"]
[Site "Hastings"]
[Date "2018.12.28"]
[Round "1"]
[White "Heinsohn, Michael"]
[Black "Carulla Pons, Carlos"]
[Result "1-0"]
[WhiteElo "1961"]
[BlackElo "1780"]
[PlyCount "83"]
[EventDate "2018.12.28"]
[EventType "swiss"]
[EventRounds "10"]
[EventCountry "ENG"]
[SourceTitle "CBM 188 Extra"]
[Source "ChessBase"]
[SourceDate "2019.02.26"]
[SourceVersion "1"]
[SourceVersionDate "2019.02.26"]
[SourceQuality "1"]

1. d4 Nf6 2. c4 g6 3. Nc3 Bg7 4. e4 d6 5. Be2 0-0 6. Bg5 c5 7. d5 h6 8. Bf4 Qa5 9. Qd2 Kh7 10. Nf3 Bg4 11. h3 Bxf3 12. Bxf3 Nbd7 13. 0-0 a6 14. Be2 Ne8 15. Be3 Rb8 16. a4 Qb6 17. Qc2 Kh8 18. a5 Qc7 19. Qd2 Kh7 20. f4 e5 21. f5 Nef6 22. g4 Ng8 23. Bd3 Qd8 24. Rf3 Bf6 25. Ne2 Bh4 26. Raf1 Qe7 27. Ng3 Bg5 28. Bxg5 Qxg5 29. Qxg5 hxg5 30. fxg6+ Kxg6 31. Nf5 b6 32. Nxd6 f6 33. Nf5 bxa5 34. Ra1 Rxb2 35. Rxa5 Rfb8 36. Rxa6 Rd2 37. Ra7 Rd8 38. Bf1 Nh6 39. Ne7+ Kf7 40. Nc6 Ke8 41. Nxd8 Kxd8 42. Rb3 1-0